Customer relationship online management system (CROMS) (Record no. 364902)
[ view plain ]
| 000 -LEADER | |
|---|---|
| fixed length control field | 00475nam a22001457a 4500 |
| 003 - CONTROL NUMBER IDENTIFIER | |
| control field | 0 |
| 005 - DATE AND TIME OF LATEST TRANSACTION | |
| control field | 20221117100125.0 |
| 008 - FIXED-LENGTH DATA ELEMENTS--GENERAL INFORMATION | |
| fixed length control field | 221117b xxu||||| |||| 00| 0 eng d |
| 050 ## - LIBRARY OF CONGRESS CALL NUMBER | |
| Classification number | QA76.5 |
| Item number | .D44 2019 |
| 245 ## - TITLE STATEMENT | |
| Title | Customer relationship online management system (CROMS) |
| Statement of responsibility, etc | Adrian S. de Guinto |
| 260 ## - PUBLICATION, DISTRIBUTION, ETC. (IMPRINT) | |
| Place of publication, distribution, etc | Las Pinas City, Philippines |
| Name of publisher, distributor, etc | Southville International School and Colleges |
| Date of publication, distribution, etc | C2019 |
| 300 ## - PHYSICAL DESCRIPTION | |
| Extent | i,299pp. |
| Type of unit | Theses |
| 500 ## - GENERAL NOTE | |
| General note | Online management system. |
| 942 ## - ADDED ENTRY ELEMENTS (KOHA) | |
| Source of classification or shelving scheme | Library of Congress Classification |
| Koha item type | Theses |
| Withdrawn status | Lost status | Source of classification or shelving scheme | Damaged status | Home library | Current library | Shelving location | Date acquired | Source of acquisition | Sub Shelving location | Total Checkouts | Full call number | Barcode | Date last seen | Price effective from | Koha item type |
|---|---|---|---|---|---|---|---|---|---|---|---|---|---|---|---|
| Library of Congress Classification | College Library | College Library | Theses Section | 11/17/2022 | Donation | QA76.5 .D44 2019 | T1096 | 11/17/2022 | 11/17/2022 | Theses |